Αθηνά : σύγγραμμα περιοδικόν της εν Αθήναις Eπιστημονικής Eταιρείας

Saved in:
Bibliographic Details
Format: Book
Language:Greek
Published: Αθήνησιν : Εκ του Τυπογραφείου των Αδελφών Περρή, 1889-1894
Subjects:
Tags: Add Tag
No Tags, Be the first to tag this record!

MARC

LEADER 00000cam a2200000 i 4500
001 1/66839
008 150212m18891894 gre d
035 |l 10121050 
040 |a GR-MY-UA  |b gre  |e aacr 
041 0 |a gre 
082 0 |a 410.5  |2 (23) 
245 1 0 |a Αθηνά :  |b σύγγραμμα περιοδικόν της εν Αθήναις Eπιστημονικής Eταιρείας 
260 |a Αθήνησιν :   |b Εκ του Τυπογραφείου των Αδελφών Περρή,   |c 1889-1894 
300 |a 6 τ.;  |c 23 εκ. 
500 |a Στον τ.1 στο verso ετικέτα "Ιπποκράτης Νικολάου τη Πορφυριάδι Σχολή των Καρλοβασίων" στο recto σφραγίδα "Πορφυριάς Αστική Σχολή Καρλοβασίων" με αρ. 3106. Στον τ.2 στο verso ετικέτα "Ιπποκράτης Νικολάου τη Πορφυριάδι Σχολή των Καρλοβασίων" στο recto σφραγίδα "Πορφυριάς Αστική Σχολή Καρλοβασίων" με αρ. 3104. Στον τ.3 στο verso "Ιπποκράτης Νικολάου τη Πορφυριάδι Σχολή των Καρλοβασίων" στο recto σφραγίδα "Πορφυριάς Αστική Σχολή Καρλοβασίων" με αρ 3105. Στον τ.4 στο verso ετικέτα "Ιπποκράτης Νικολάου τη Πορφυριάδι Σχολή των Καρλοβασίων" στο recto σφραγίδα "Πορφυριάς Αστική Σχολή Καρλοβασίων" με αρ.34. Στον τ.5 στο verso ετικέτα "Ιπποκράτης Νικολάου τη Πορφυριάδι Σχολή των Καρλοβασίων" στο recto σφραγίδα "Πορφυριάς Αστική Σχολή Καρλοβασίων" με αρ. 35. Στον τ.6 στο verso ετικέτα "Ιπποκράτης Νικολάου τη Πορφυριάδι Σχολή των Καρλοβασίων" στο recto σφραγίδα "Πορφυριάς Αστική Σχολή Καρλοβασίων" με αρ. 3103. 
650 0 0 |a Philology, Modern  |x Periodicals. 
650 0 0 |a Linguistics  |x Periodicals. 
852 |a INST  |b SAMOS  |c PORFYRIADA  |e 20150212  |h 410.5 ΑΘΗ  |p 005300041671  |q 005300041671  |t NOLOAN  |v τομ.1:  |y 23  |z τ.1 
852 |a INST  |b SAMOS  |c PORFYRIADA  |e 20150212  |h 410.5 ΑΘΗ  |p 005300041672  |q 005300041672  |t NOLOAN  |v τομ.2:  |y 23  |z τ.2 
852 |a INST  |b SAMOS  |c PORFYRIADA  |e 20150212  |h 410.5 ΑΘΗ  |p 005300041673  |q 005300041673  |t NOLOAN  |v τομ.3:  |y 23  |z τ.3 
852 |a INST  |b SAMOS  |c PORFYRIADA  |e 20150212  |h 410.5 ΑΘΗ  |p 005300041674  |q 005300041674  |t NOLOAN  |v τομ.4:  |y 23  |z τ.4 
852 |a INST  |b SAMOS  |c PORFYRIADA  |e 20150212  |h 410.5 ΑΘΗ  |p 005300041675  |q 005300041675  |t NOLOAN  |v τομ.5:  |y 23  |z τ.5 
852 |a INST  |b SAMOS  |c PORFYRIADA  |e 20150212  |h 410.5 ΑΘΗ  |p 005300041676  |q 005300041676  |t NOLOAN  |v τομ.6:  |y 23  |z τ.6 
901 |a BIBL3-2015-1 
909 |a Σ  |b 186181 
909 |a Σ  |b 186182 
909 |a Σ  |b 186183 
909 |a Σ  |b 186184 
909 |a Σ  |b 186185 
909 |a Σ  |b 186186 
970 |a ΣΙΤΖΙΜΗ  |b ΓΙΑΣΕΜΗ  |z 2015/02/12